Riconosci la Squadra di calcio - Quiz n°33 - Statistics

Statistiche generali
  • Questo quiz è stato fatto 46 volte
  • Il punteggio medio è 7 su 9
Statistiche sulle risposte
Indizio Risposta % Corretto
Colori sociali Giallo, nero
95%
Titoli nazionali 3 Campionati norvegesi
85%
Confederazione UEFA
83%
Divisione nazionale 2023-2024 Prima
76%
Trofei nazionali 2 Coppe di Norvegia 9 Coppe della Norvegia settentrionale
73%
Capienza Stadio 8 800 posti
71%
Trofei internazionali 0
66%
Fondazione 1916
63%
Squadra Bodø/Glimt
63%
Nessun quiz corrispondente trovato
Distribuzione punteggi
Percentuale di utenti per punteggio
Percentile per numero di risposta
I tuoi punteggi nel tempo
Non hai fatto questo quiz